Palabras a la juventud / (Record no. 43354)

MARC details
000 -CABECERA
campo de control de longitud fija 00563nam a2200181 a 4500
005 - FECHA Y HORA DE LA ÚLTIMA TRANSACCIÓN
campo de control 20240924065258.0
008 - ELEMENTOS DE LONGITUD FIJA--INFORMACIÓN GENERAL
campo de control de longitud fija 991125s1959 cl 000 0 spa u
035 ## - NÚMERO DE CONTROL DEL SISTEMA
Número de control de sistema UPN01000043354
049 ## - COLECCIÓN
Colección CG
050 #4 - SIGNATURA TOPOGRÁFICA DE LA BIBLIOTECA DEL CONGRESO
Número de clasificación LA568
Número de documento/Ítem N5.6
100 1# - ASIENTO PRINCIPAL--NOMBRE PERSONAL
Nombre de persona Nieto Caballero, Agustín,
Fechas asociadas al nombre 1889-1975
9 (RLIN) 31608
245 10 - MENCIÓN DE TÍTULO
Título Palabras a la juventud /
Mención de responsabilidad, etc. Agustín Nieto Caballero.
260 ## - PUBLICACIÓN, DISTRIBUCIÓN, ETC.
Lugar de publicación, distribución, etc. Bogotá :
Nombre del editor, distribuidor, etc. ABC,
Fecha de publicación, distribución, etc. [1959?].
300 ## - DESCRIPCIÓN FÍSICA
Extensión 229 p.
650 #4 - ASIENTO SECUNDARIO DE MATERIA - TERMINO TEMATICO
Término de materia o nombre geográfico como elemento de entrada Educación superior
Subdivisión geográfica Colombia
9 (RLIN) 15226
650 #4 - ASIENTO SECUNDARIO DE MATERIA - TERMINO TEMATICO
Término de materia o nombre geográfico como elemento de entrada JUVENTUD -
Subdivisión geográfica COLOMBIA -
Subdivisión de forma DISCURSOS, ENSAYOS, CONFERENCIAS, ETC.
905 ## - TIPO DE MATERIAL
Tipo de material Libro
Holdings
Estado de retiro Estado de pérdida Fuente del sistema de clasificación o colocación Estado dañado No para préstamo Código de colección Localización permanente Ubicación/localización actual Ubicación en estantería Total de préstamos Clasificación Código de barras Fecha visto por última vez Número de copia Tipo de ítem Koha
    Library of Congress Classification     Colección General Bib. Gregorio Torres Quintero Bib. Gregorio Torres Quintero Planta baja 2 LA568 N5.6 40769 31/12/2020 1 Libro